| 000 | 00979cam a2200253 i 4500 | ||
|---|---|---|---|
| 999 |
_c20098 _d20098 |
||
| 001 | 20098 | ||
| 003 | Mx-PuUPA | ||
| 005 | 20200624120005.0 | ||
| 008 | 140415s1997 miu r 000 0 spa d | ||
| 020 | _a0793121477 | ||
| 040 |
_aMX-PuUPA _bspa _erda _cMx-PuUPA _dMx-PuUPA |
||
| 041 | 0 | _aspa | |
| 100 | 1 |
_aValles Septién, José Manuel, _eautor _96793 |
|
| 245 | 1 | 3 |
_aEl negocio de bienes raíces en México : _b9 expertos revelan lo que usted necesita saber para convertirse en un vendedor exitoso / _cJosé Manuel Valles Septién, Luis A. Cancino Castillo. |
| 264 | 1 |
_aChicago : _bDearborn Financial Publishing, _c1997 |
|
| 300 |
_axii, 180 páginas ; _c23 cm. |
||
| 336 |
_atexto _2rdacontent _btxt |
||
| 337 |
_asin medio _2rdamedia _bn |
||
| 338 |
_avolumen _2rdacarrier _bnc |
||
| 650 | 4 |
_aBienes raíces _xCompra venta de bienes raíces |
|
| 700 | 1 |
_aCancilo Castillo, Luis A., _eautor |
|
| 942 |
_2ddc _cLI _h332.6324 _iV135 |
||